<Ein> zweiphasiges Stichprobenverfahren zur Schätzung des Mittelwertes eines normalverteilten Merkmals.
Opis dvojfázovej vzorkovacej procedúry na odhad mí-y pri neznámom mí-x a prípadne sigma-x. Najprv sa vezme jednoduchá náhodná vzorka a odhadne sa mí-x, na základe ktorého sa modifikuje populácia. V druhej fáze sa vypočíta mí-y. Ďalšie výsledky sa dostanú na základe porovnania s jednoduchým náhodným...
Salvato in:
| Autore principale: | |
|---|---|
| Natura: | Capitolo di libro |
| Lingua: | tedesco |
| Soggetti: | |
| Tags: |
Nessun Tag, puoi essere il primo ad aggiungerne!!
|
MARC
| LEADER | 00000naa a2200000 4500 | ||
|---|---|---|---|
| 001 | r007430 | ||
| 005 | 20221130113037.8 | ||
| 041 | 0 | |a ger | |
| 044 | |a DE | ||
| 245 | 1 | 0 | |a <Ein> zweiphasiges Stichprobenverfahren zur Schätzung des Mittelwertes eines normalverteilten Merkmals. |c K. Fleischer |
| 520 | |a Opis dvojfázovej vzorkovacej procedúry na odhad mí-y pri neznámom mí-x a prípadne sigma-x. Najprv sa vezme jednoduchá náhodná vzorka a odhadne sa mí-x, na základe ktorého sa modifikuje populácia. V druhej fáze sa vypočíta mí-y. Ďalšie výsledky sa dostanú na základe porovnania s jednoduchým náhodným vzorkovaním. | ||
| 610 | 2 | 0 | |a štatistika |
| 610 | 2 | 0 | |a populácia |
| 100 | 1 | |a Fleischer, K. | |